<?xml version="1.0" encoding="UTF-8"?><?xml-stylesheet type="text/xsl" href="static/style.xsl"?><OAI-PMH xmlns="http://www.openarchives.org/OAI/2.0/" xmlns:xsi="http://www.w3.org/2001/XMLSchema-instance" xsi:schemaLocation="http://www.openarchives.org/OAI/2.0/ http://www.openarchives.org/OAI/2.0/OAI-PMH.xsd"><responseDate>2026-04-27T21:40:38Z</responseDate><request verb="GetRecord" identifier="oai:uvadoc.uva.es:10324/77451" metadataPrefix="marc">https://uvadoc.uva.es/oai/request</request><GetRecord><record><header><identifier>oai:uvadoc.uva.es:10324/77451</identifier><datestamp>2025-09-19T06:18:16Z</datestamp><setSpec>com_10324_38</setSpec><setSpec>col_10324_852</setSpec></header><metadata><record xmlns="http://www.loc.gov/MARC21/slim" xmlns:doc="http://www.lyncode.com/xoai" xmlns:xsi="http://www.w3.org/2001/XMLSchema-instance" xmlns:dcterms="http://purl.org/dc/terms/" xsi:schemaLocation="http://www.loc.gov/MARC21/slim http://www.loc.gov/standards/marcxml/schema/MARC21slim.xsd">
<leader>00925njm 22002777a 4500</leader>
<datafield tag="042" ind1=" " ind2=" ">
<subfield code="a">dc</subfield>
</datafield>
<datafield tag="720" ind1=" " ind2=" ">
<subfield code="a">Gil Hernaiz, Álvaro</subfield>
<subfield code="e">author</subfield>
</datafield>
<datafield tag="260" ind1=" " ind2=" ">
<subfield code="c">2025</subfield>
</datafield>
<datafield tag="520" ind1=" " ind2=" ">
<subfield code="a">El Employer Branding es una estrategia que utilizan algunas empresas con el fin de atraer &#xd;
diversos candidatos a sus procesos de selección de personal, dada la creciente &#xd;
competitividad existente en el mercado laboral para conseguir “el mejor talento”. Para &#xd;
ello, se aplicarán diversos mecanismos que mejoren su imagen como “un buen lugar &#xd;
donde trabajar”, de forma que la experiencia del empleado sea realmente positiva.  &#xd;
A través de un análisis comparativo en el ámbito nacional, se describen diversas &#xd;
estrategias implementadas por algunas empresas reconocidas como Top Employer &#xd;
dentro de sus sectores de actividad: tecnológico y de energías, industrial y de servicios. &#xd;
Los resultados evidencian que factores como que la empresa ofrezca a sus empleados &#xd;
flexibilidad laboral, desarrollo profesional o contar con una cultura organizacional sólida &#xd;
son determinantes en la percepción que los candidatos tienen a la hora de elegir su &#xd;
empresa empleadora, frente a otras que no invierten en dicha estrategia</subfield>
</datafield>
<datafield tag="024" ind2=" " ind1="8">
<subfield code="a">https://uvadoc.uva.es/handle/10324/77451</subfield>
</datafield>
<datafield ind1=" " ind2=" " tag="653">
<subfield code="a">Personal - Dirección</subfield>
</datafield>
<datafield ind1=" " ind2=" " tag="653">
<subfield code="a"/>
</datafield>
<datafield tag="245" ind1="0" ind2="0">
<subfield code="a">La marca empleadora en España:  claves y estrategias en diferentes  sectores empresariales</subfield>
</datafield>
</record></metadata></record></GetRecord></OAI-PMH>